Countries Closest to Western Sahara - One Minute Sprint - Statistics

General Stats
  • This quiz has been taken 76 times
  • The average score is 16 of 20
Answer Stats
km country miles % Correct
0 Algeria 0
97%
0 Morocco 0
97%
238 Mali 148
94%
0 Mauritania 0
93%
479 Senegal 298
87%
1690 Tunisia 1050
87%
1532 Niger 952
84%
799 Gambia 496
81%
965 Guinea 600
81%
1780 Libya 1106
81%
1267 Sierra Leone 788
79%
1294 Burkina Faso 804
78%
98 Spain 61
78%
921 Guinea-Bissau 572
76%
1036 Portugal 644
75%
1340 Côte d’Ivoire 833
72%
1458 Liberia 906
70%
1781 Togo 1106
70%
1581 Ghana 982
67%
755 Cabo Verde 469
64%
No matching quizzes found
Score Distribution
Percent of People with Each Score
Percentile by Number Answered
Your Score History
You have not taken this quiz